00969nam a22002777a 450000500170000000800410001701000140005802000250007202000230009703500130012003700130013304000080014608200100015410000330016424000550019724500860025226000430033827000560038130000230043749000440046050000910050465100340059565100270062970000160065670000190067219970904051429.3970904m19271929ii a 001 0aeng  aENG-95758 a978818328069c695.00 a8183280692c695.00 aEN-79291 bDBAD/PUB aDPL a915.4 aSharada Prasad, H. Y.d1924- aSatyanā prayogo athavā ātmakathā.lEnglish aLife & landscapes /c text by H.Y. Sharada Prasad ; photographs by Ashok Dilwali  aNew DelhibWisdom Tree Academicc2007 a4779/23, Ansari Road, Darya GanjbNew Delhie110002 a102p. c22 cm.(Hb) aIncredible India / edited by Varsha Das a"By arrangement with Department of Tourism, Ministry of Culture, Government of India." aIndiaxDescription and travel aIndiaxPictorial works aDas, Varsha aDilwali, Ashok